Sobre la estereoisomería de los ácidos etilénicos (Record no. 73893)

MARC details
000 -LEADER
campo de control de longitud fija 00701nam a2200193 i 4500
001 - NÚMERO DE CONTROL
campo de control 73893
003 - IDENTIFICADOR DE NÚMERO DE CONTROL
campo de control ES-MaACL
005 - FECHA Y HORA DE LA ÚLTIMA TRANSACCIÓN
campo de control 20250815113817.0
007 - CAMPO FIJO DE DESCRIPCIÓN FÍSICA--INFORMACIÓN GENERAL
campo de control de longitud fija t|
008 - DATOS DE LONGITUD FIJA--INFORMACIÓN GENERAL
campo de control de longitud fija 040913s1926 sp ||||1| spa d
100 1# - ENTRADA PRINCIPAL--NOMBRE DE PERSONA
Nombre de persona González, Adolfo.
9 (RLIN) 58270
245 10 - MENCIÓN DEL TÍTULO
Título Sobre la estereoisomería de los ácidos etilénicos
Resto del título : hidrogenación de los ácidos estearólico y behemólico /
Mención de responsabilidad, etc. por Adolfo González.
260 ## - PUBLICACIÓN, DISTRIBUCIÓN, ETC.
Lugar de publicación, distribución, etc. [S.l. :
Nombre del editor, distribuidor, etc. s.n.,
Fecha de publicación, distribución, etc. 1926]
300 ## - DESCRIPCIÓN FÍSICA
Extensión 22 cm ;
Dimensiones 15 cm.
490 1# - MENCIÓN DE SERIE
Mención de serie Anales de la Sociedad Española de Física y Química ;
Designación de volumen o secuencia 24
830 00 - PUNTO DE ACCESO ADICIONAL DE SERIE-TÍTULO UNIFORME
Título uniforme Anales de la Sociedad Española de Física y Química
Designación de volumen o secuencia 24
9 (RLIN) 231184
852 ## - LOCALIZACIÓN
Ubicación ES-MaACL
Número de control de estantería 1704-F-26
Holdings
Estatus retirado Estado de pérdida Estado de daño No para préstamo Colección Biblioteca de origen Biblioteca actual Ubicación en estantería Fecha de adquisición Fuente de adquisición Total de préstamos Signatura topográfica completa Código de barras Visto por última vez Precio de reemplazo Tipo de ítem Koha
        Colección de folletos Biblioteca del Ateneo de Madrid Biblioteca del Ateneo de Madrid Depósito folletos 17/01/2008     1704-F-26 1077348 23/02/2023 23/02/2023 Folleto